Del mestizaje a la hibridación corporal: la etnocirugía como forma de racismo /

محفوظ في:
التفاصيل البيبلوغرافية
المؤلف الرئيسي: Muñiz, Elsa
التنسيق: نص
الوسوم: إضافة وسم
لا توجد وسوم, كن أول من يضع وسما على هذه التسجيلة!

MARC

LEADER 00000 a a2200000 04500
001 46645
003
040
100 |a Muñiz, Elsa  
245 |a Del mestizaje a la hibridación corporal:   |b la etnocirugía como forma de racismo /  |c Elsa Muñiz  
773 |g número38 ( , 2013), páginas 81-97  
999 |c 30579  |d 30579